[Event "Olympiad-39"]
[Site "Khanty-Mansiysk"]
[Date "2010.10.03"]
[Round "11.3"]
[White "Daly, Colm"]
[Black "Chan, Wei Xuan Timothy"]
[Result "1/2-1/2"]
[WhiteElo "2277"]
[BlackElo "2338"]
[PlyCount "176"]
[EventDate "2010.09.21"]
[EventType "team-swiss"]
[EventRounds "11"]
[EventCountry "RUS"]
[SourceTitle "CBM 139"]
[Source "ChessBase"]
[SourceDate "2010.11.18"]
[SourceVersion "1"]
[SourceVersionDate "2010.11.18"]
[SourceQuality "1"]
[WhiteTeam "Ireland"]
[BlackTeam "Singapore"]
[WhiteTeamCountry "IRL"]
[BlackTeamCountry "SIN"]

1. Nf3 Nf6 2. c4 e6 3. b3 b6 4. Bb2 Bb7 5. e3 d5 6. g3 Nbd7 7. cxd5 exd5 8. Bg2 Bd6 9. 0-0 0-0 10. Nc3 a6 11. Re1 Re8 12. d3 c5 13. d4 Rc8 14. dxc5 Nxc5 15. Ne2 Nce4 16. Nf4 Bb4 17. Rf1 Nc3 18. Qd3 Nfe4 19. a3 Bf8 20. Rac1 Nb5 21. Rxc8 Qxc8 22. Rc1 Qa8 23. a4 Nbd6 24. Bd4 b5 25. Ne5 Rc8 26. Ra1 Rc7 27. Bh3 Qe8 28. Nf3 b4 29. Bb6 Rc3 30. Qd1 Rc6 31. Bd4 Nc3 32. Bxc3 bxc3 33. Rc1 Rc5 34. Qd3 Ne4 35. Ne2 Rc7 36. Nxc3 Bb4 37. Na2 Rxc1+ 38. Nxc1 Qc6 39. Ne2 Qf6 40. Ned4 Be1 41. Qc2 Bxf2+ 42. Kg2 Qb6 43. Bc8 a5 44. Bxb7 Qxb7 45. Qc6 Qxc6 46. Nxc6 Bxe3 47. Nxa5 Kf8 48. Nc6 Ke8 49. b4 Kd7 50. Ncd4 g6 51. a5 Nd2 52. Ne5+ Kd6 53. Nxf7+ Kc7 54. Nc2 Ba7 55. b5 Bc5 56. Ng5 Nc4 57. Nxh7 Nxa5 58. Nf6 d4 59. Nd5+ Kd6 60. Nf4 Bb6 61. Ne1 g5 62. Nh3 Bd8 63. Kf3 Nc4 64. Nd3 Nd2+ 65. Ke2 Ne4 66. Nhf2 Nc3+ 67. Kf3 Nxb5 68. Ke4 Ke6 69. Nc5+ Kf6 70. Ng4+ Kg6 71. Ne5+ Kh5 72. Ncd3 Bc7 73. Kf3 Bxe5 74. Nxe5 Nc3 75. h3 Kh6 76. Nd3 Kg6 77. Kg4 Ne4 78. Kf3 Nc3 79. Nf2 Kf5 80. g4+ Ke5 81. Nd3+ Kd5 82. Nb2 Ke5 83. Nc4+ Kd5 84. Nb6+ Kd6 85. Nc4+ Ke6 86. Nb2 Ke5 87. Nd3+ Kd5 88. Nb2 Ke5 1/2-1/2

[Event "Olympiad-39"]
[Site "Khanty-Mansiysk"]
[Date "2010.09.29"]
[Round "8.3"]
[White "Chan, Wei Xuan Timothy"]
[Black "Kurmann, Oliver"]
[Result "0-1"]
[WhiteElo "2338"]
[BlackElo "2452"]
[PlyCount "62"]
[EventDate "2010.09.21"]
[EventType "team-swiss"]
[EventRounds "11"]
[EventCountry "RUS"]
[SourceTitle "CBM 139"]
[Source "ChessBase"]
[SourceDate "2010.11.18"]
[SourceVersion "1"]
[SourceVersionDate "2010.11.18"]
[SourceQuality "1"]
[WhiteTeam "Singapore"]
[BlackTeam "Switzerland"]
[WhiteTeamCountry "SIN"]
[BlackTeamCountry "SUI"]

1. e4 d6 2. d4 Nf6 3. Nc3 e5 4. Nf3 Nbd7 5. Bc4 Be7 6. 0-0 0-0 7. Re1 a6 8. a4 b6 9. b3 Bb7 10. Bb2 c6 11. Qd2 g6 12. Rad1 b5 13. Bd3 exd4 14. Nxd4 Re8 15. Qh6 Qb6 16. Nce2 Bf8 17. Qh4 Bg7 18. Ng3 Ne5 19. axb5 cxb5 20. Bf1 Qc5 21. h3 b4 22. Kh1 Nd3 23. Ndf5 Nxb2 24. Nxg7 Nxd1 25. Qxf6 Nxf2+ 26. Kh2 Nxe4 27. Rxe4 Rxe4 28. Bc4 Rxc4 29. N7f5 gxf5 30. Qg5+ Kf8 31. Nxf5 Qe5+ 0-1

[Event "Olympiad-39"]
[Site "Khanty-Mansiysk"]
[Date "2010.09.25"]
[Round "5.3"]
[White "Omar, Noaman"]
[Black "Chan, Wei Xuan Timothy"]
[Result "1/2-1/2"]
[WhiteElo "2220"]
[BlackElo "2338"]
[PlyCount "43"]
[EventDate "2010.09.21"]
[EventType "team-swiss"]
[EventRounds "11"]
[EventCountry "RUS"]
[SourceTitle "CBM 139"]
[Source "ChessBase"]
[SourceDate "2010.11.18"]
[SourceVersion "1"]
[SourceVersionDate "2010.11.18"]
[SourceQuality "1"]
[WhiteTeam "United Arab Emirates"]
[BlackTeam "Singapore"]
[WhiteTeamCountry "UAE"]
[BlackTeamCountry "SIN"]

1. d4 Nf6 2. c4 e6 3. Nf3 b6 4. g3 Ba6 5. Qc2 Bb7 6. Bg2 c5 7. d5 exd5 8. cxd5 Nxd5 9. 0-0 Be7 10. Qe4 Bc6 11. Ne5 0-0 12. Nxc6 dxc6 13. Nc3 Nxc3 14. bxc3 Bf6 15. Qc2 Qc8 16. Bf4 Nd7 17. Rad1 Ne5 18. Rd6 Rd8 19. Rxd8+ Qxd8 20. Bxe5 Bxe5 21. Bxc6 Rc8 22. Be4 1/2-1/2

[Event "Olympiad-39"]
[Site "Khanty-Mansiysk"]
[Date "2010.09.24"]
[Round "4.3"]
[White "Chan, Wei Xuan Timothy"]
[Black "Gonzalez Garcia, Jose"]
[Result "1/2-1/2"]
[WhiteElo "2338"]
[BlackElo "2543"]
[PlyCount "106"]
[EventDate "2010.09.21"]
[EventType "team-swiss"]
[EventRounds "11"]
[EventCountry "RUS"]
[SourceTitle "CBM 139"]
[Source "ChessBase"]
[SourceDate "2010.11.18"]
[SourceVersion "1"]
[SourceVersionDate "2010.11.18"]
[SourceQuality "1"]
[WhiteTeam "Singapore"]
[BlackTeam "Mexico"]
[WhiteTeamCountry "SIN"]
[BlackTeamCountry "MEX"]

1. e4 c5 2. Nf3 e6 3. g3 d5 4. exd5 exd5 5. d4 Nc6 6. Bg2 Bd6 7. 0-0 Nge7 8. dxc5 Bxc5 9. Nbd2 0-0 10. Nb3 Bb6 11. Nfd4 a5 12. a4 Nf5 13. c3 Nfxd4 14. Nxd4 Bxd4 15. cxd4 Bf5 16. Be3 Qd7 17. Qe2 Bh3 18. Bxh3 Qxh3 19. Qb5 Qd7 20. Rac1 f5 21. Bf4 Rf7 22. Rfd1 h6 23. Rc5 Rd8 24. Qb3 Kh7 25. Be5 Qe6 26. f4 g5 27. Kh1 Rdd7 28. Qf3 Kg6 29. Qd3 Kh7 30. Re1 gxf4 31. gxf4 Rg7 32. Rcc1 Rg4 33. h3 Rg6 34. Qe3 Rd8 35. Rg1 Rdg8 36. Kh2 Qe7 37. Rxg6 Rxg6 38. Rg1 Qe8 39. Rxg6 Qxg6 40. Qf3 Nb4 41. Qe2 Qc6 42. Qh5 Qg6 43. Qe2 Qe8 44. Qg2 Qd7 45. b3 Nc6 46. Kh1 Nd8 47. Qc2 Nc6 48. Qc5 Kg8 49. Kh2 Qd8 50. Bd6 Nb4 51. Be7 Qd7 52. Bf6 Nc6 53. Be5 Kf7 1/2-1/2

[Event "Manila Campomanes Memorial op"]
[Site "Manila"]
[Date "2010.08.31"]
[Round "5"]
[White "Chan, Wei Xuan Timothy"]
[Black "Nguyen, Huynh Minh Huy"]
[Result "1/2-1/2"]
[WhiteElo "2338"]
[BlackElo "2466"]
[PlyCount "77"]
[EventDate "2010.08.28"]
[EventType "swiss"]
[EventRounds "9"]
[EventCountry "PHI"]
[SourceTitle "CBM 138 Extra"]
[Source "ChessBase"]
[SourceDate "2010.10.29"]
[SourceVersion "1"]
[SourceVersionDate "2010.10.29"]
[SourceQuality "1"]

1. e4 c5 2. Nf3 d6 3. Bb5+ Nd7 4. d4 cxd4 5. Qxd4 a6 6. Bxd7+ Bxd7 7. Nc3 e5 8. Qd3 h6 9. Be3 Nf6 10. Nd2 Rc8 11. Nc4 Be6 12. Nb6 Rc6 13. Nbd5 Be7 14. 0-0 0-0 15. Rad1 Re8 16. Rfe1 Bf8 17. f3 Nd7 18. Bf2 Qc8 19. Rd2 b6 20. a4 Qb7 21. Na2 Ra8 22. c4 Rcc8 23. Nac3 Qc6 24. b3 Rab8 25. Rb1 g6 26. Bh4 Re8 27. Ne3 h5 28. Bf2 Rec8 29. Rbd1 Kh7 30. Kh1 Nf6 31. Qb1 Qb7 32. Bh4 Ne8 33. Rd3 Nc7 34. Ncd5 Nxd5 35. Nxd5 b5 36. cxb5 axb5 37. a5 Bxd5 38. Rxd5 b4 39. Be1 1/2-1/2

[Event "FICGS rapid SM 000005 email"]
[Site "FICGS email"]
[Date "2010.05.20"]
[Round "1"]
[White "Chan, Wei Xuan Timothy"]
[Black "Petrolo, Mauro"]
[Result "0-1"]
[WhiteElo "2341"]
[BlackElo "2552"]
[PlyCount "46"]
[EventDate "2010.??.??"]
[EventType "tourn (rapid)"]
[EventRounds "6"]
[EventCategory "6"]
[SourceTitle "Corr 2013"]
[Source "ChessBase"]
[SourceDate "2012.11.12"]
[SourceVersion "1"]
[SourceVersionDate "2012.11.12"]
[SourceQuality "1"]

1. e4 c5 2. Nf3 d6 3. d4 cxd4 4. Nxd4 Nf6 5. Nc3 a6 6. Qf3 g6 7. h3 Bg7 8. Be3 Nc6 9. g4 0-0 10. 0-0-0 Bd7 11. Be2 b5 12. g5 Nh5 13. h4 e6 14. a3 Qb8 15. Qg2 b4 16. axb4 Qxb4 17. Nb3 Na5 18. Nxa5 Qxa5 19. Kd2 Rab8 20. Ra1 Ba4 21. Kc1 Rxb2 22. Nxa4 Rb4 23. Ra3 Rfb8 0-1

[Event "FICGS rapid SM 000005 email"]
[Site "FICGS email"]
[Date "2010.05.20"]
[Round "1"]
[White "Kruse, Herbert"]
[Black "Chan, Wei Xuan Timothy"]
[Result "1-0"]
[WhiteElo "2373"]
[BlackElo "2341"]
[PlyCount "103"]
[EventDate "2010.??.??"]
[EventType "tourn (rapid)"]
[EventRounds "6"]
[EventCategory "6"]
[SourceTitle "Corr 2013"]
[Source "ChessBase"]
[SourceDate "2012.11.12"]
[SourceVersion "1"]
[SourceVersionDate "2012.11.12"]
[SourceQuality "1"]

1. e4 e5 2. Nf3 Nc6 3. Bb5 a6 4. Ba4 Nf6 5. 0-0 Be7 6. Re1 b5 7. Bb3 d6 8. c3 0-0 9. h3 Na5 10. Bc2 d5 11. exd5 e4 12. Bxe4 Nxe4 13. Rxe4 Bb7 14. d4 Re8 15. Nbd2 Qxd5 16. b3 Bd6 17. Rxe8+ Rxe8 18. Bb2 Bf4 19. Qf1 Bxd2 20. Nxd2 Qg5 21. Rd1 Qg6 22. Ba1 Qc2 23. c4 bxc4 24. bxc4 Bc6 25. d5 Bd7 26. Bd4 Ba4 27. Rc1 Qxd2 28. Bc3 Qxa2 29. Bxa5 Re7 30. Ra1 Qc2 31. Qc1 Qxc1+ 32. Rxc1 f6 33. Rb1 Kf7 34. f3 Bc2 35. Rb7 Rd7 36. Bxc7 Bd3 37. c5 Rxd5 38. Bb6+ Kg6 39. c6 Bf5 40. g4 Be6 41. f4 f5 42. Bc7 fxg4 43. hxg4 Bxg4 44. Be5 Be6 45. Rxg7+ Kf5 46. Rxh7 Ke4 47. Rb7 Rc5 48. c7 Kf3 49. Rb1 Rc2 50. Ra1 Bc8 51. Ra3+ Ke4 52. Kf1 1-0

[Event "Asian Continental op 09th"]
[Site "Olongapo City"]
[Date "2010.04.21"]
[Round "1"]
[White "Chan, Wei Xuan Timothy"]
[Black "Sundararajan, Kidambi"]
[Result "1/2-1/2"]
[WhiteElo "2341"]
[BlackElo "2520"]
[PlyCount "88"]
[EventDate "2010.04.21"]
[EventType "swiss"]
[EventRounds "9"]
[EventCountry "PHI"]
[SourceTitle "CBM 136 Extra"]
[Source "ChessBase"]
[SourceDate "2010.07.02"]
[SourceVersion "2"]
[SourceVersionDate "2010.07.15"]
[SourceQuality "1"]

1. e4 c6 2. Nc3 d5 3. Nf3 Bg4 4. h3 Bxf3 5. Qxf3 e6 6. g3 Nf6 7. Bg2 dxe4 8. Nxe4 Be7 9. 0-0 0-0 10. Rd1 Nbd7 11. d4 Qb6 12. b3 Rad8 13. Bb2 Nxe4 14. Qxe4 Rfe8 15. c4 Bf6 16. Rd2 Nf8 17. Rad1 Ng6 18. Qc2 Ne7 19. Be4 h6 20. Ba3 Qa5 21. Bxe7 Rxe7 22. d5 cxd5 23. cxd5 Rc7 24. Qd3 Bg5 25. Re2 Rc3 26. Qd4 Bf6 27. Qd2 Bg5 28. Qe1 Qc5 29. Kh2 e5 30. d6 Rc1 31. Rxc1 Qxc1 32. Qxc1 Bxc1 33. Bxb7 Rxd6 34. Rxe5 Rd2 35. Rf5 g6 36. Rf3 Kg7 37. a4 Ba3 38. Kg2 a5 39. Ba6 Bc5 40. Bc4 f6 41. h4 h5 42. Kf1 Rc2 43. Be2 Rc1+ 44. Kg2 Rc2 1/2-1/2

[Event "FICGS class M 000036 email"]
[Site "FICGS email"]
[Date "2010.04.16"]
[Round "1"]
[White "Chan, Wei Xuan Timothy"]
[Black "Blinchevsky, Alexander"]
[Result "0-1"]
[WhiteElo "2341"]
[BlackElo "2205"]
[PlyCount "52"]
[EventDate "2010.??.??"]
[EventType "tourn (corr)"]
[EventRounds "6"]
[SourceTitle "Corr 2013"]
[Source "ChessBase"]
[SourceDate "2012.11.12"]
[SourceVersion "1"]
[SourceVersionDate "2012.11.12"]
[SourceQuality "1"]

1. e4 c6 2. d4 d5 3. f3 e6 4. Nc3 Bb4 5. a3 Bxc3+ 6. bxc3 dxe4 7. Qe2 c5 8. Bb2 cxd4 9. cxd4 Qa5+ 10. Qd2 Qxd2+ 11. Kxd2 Nf6 12. Re1 exf3 13. Nxf3 0-0 14. Bd3 b6 15. Rhf1 Ba6 16. c4 Nc6 17. Ne5 Nxe5 18. Rxe5 Rac8 19. Rg5 Nd7 20. Rc1 Rc7 21. Rg3 Rd8 22. Ke1 Rdc8 23. d5 g6 24. dxe6 Nc5 25. exf7+ Rxf7 26. Rd1 Re8+ 0-1

[Event "Singapore schev"]
[Site "Singapore"]
[Date "2010.02.12"]
[Round "8"]
[White "Nadanian, Ashot S"]
[Black "Chan, Wei Xuan Timothy"]
[Result "1/2-1/2"]
[WhiteElo "2433"]
[BlackElo "2348"]
[PlyCount "120"]
[EventDate "2010.02.12"]
[EventType "schev"]
[EventRounds "10"]
[EventCountry "SIN"]
[SourceTitle "CBM 135 Extra"]
[Source "ChessBase"]
[SourceDate "2010.05.04"]
[SourceVersion "1"]
[SourceVersionDate "2010.05.04"]
[SourceQuality "1"]

1. d4 f5 2. g3 Nf6 3. Bg2 g6 4. Nf3 Bg7 5. 0-0 d6 6. c4 0-0 7. Nc3 Qe8 8. b3 Na6 9. Bb2 c6 10. Rc1 Rb8 11. Qd3 e5 12. dxe5 dxe5 13. Qe3 e4 14. Qxa7 b6 15. Nxe4 fxe4 16. Ne5 Ng4 17. Qxg7+ Kxg7 18. Nxg4+ Kf7 19. Nf6 Qe7 20. Bxe4 Ke6 21. Ng4 Bb7 22. Rc3 Qg5 23. Re3 Kd7 24. Rd1+ Kc8 25. Ne5 c5 26. Nd7 Rd8 27. f4 Qh6 28. Nxb6+ Kc7 29. Nd5+ Bxd5 30. Bxd5 Re8 31. Be5+ Kb6 32. a3 Qf8 33. Rb1 Rxe5 34. fxe5 Qh6 35. Re4 Nc7 36. Rf1 Rf8 37. Rf6+ Rxf6 38. exf6 g5 39. f7 Qf8 40. b4 Nxd5 41. Re6+ Kc7 42. cxd5 Qxf7 43. bxc5 Qf8 44. Re7+ Kd8 45. d6 Qf5 46. Rc7 Qe5 47. Kf1 h5 48. c6 Qe4 49. Rd7+ Kc8 50. Rc7+ Kd8 51. Ke1 Qd5 52. Rd7+ Kc8 53. Rc7+ Kd8 54. a4 Qa5+ 55. Kf1 Qxa4 56. Rd7+ Kc8 57. Kf2 Qd4+ 58. Ke1 Qg1+ 59. Kd2 Qd4+ 60. Kc2 Qc4+ 1/2-1/2

[Event "Singapore schev"]
[Site "Singapore"]
[Date "2010.02.12"]
[Round "10"]
[White "Ramos, Domingo"]
[Black "Chan, Wei Xuan Timothy"]
[Result "1/2-1/2"]
[WhiteElo "2284"]
[BlackElo "2348"]
[PlyCount "23"]
[EventDate "2010.02.12"]
[EventType "schev"]
[EventRounds "10"]
[EventCountry "SIN"]
[SourceTitle "CBM 135 Extra"]
[Source "ChessBase"]
[SourceDate "2010.05.04"]
[SourceVersion "1"]
[SourceVersionDate "2010.05.04"]
[SourceQuality "1"]

1. e4 e5 2. Nf3 Nc6 3. Bc4 Nf6 4. Ng5 d5 5. exd5 Na5 6. Bb5+ c6 7. dxc6 bxc6 8. Bd3 Nd5 9. Nf3 Nf4 10. Bf1 Bd6 11. d3 0-0 12. Nc3 1/2-1/2

[Event "Commonwealth op"]
[Site "Singapore"]
[Date "2009.12.13"]
[Round "8"]
[White "Chan, Wei Xuan Timothy"]
[Black "Ashwin, Jayaram"]
[Result "1/2-1/2"]
[WhiteElo "2384"]
[BlackElo "2448"]
[PlyCount "82"]
[EventDate "2009.12.10"]
[EventType "swiss"]
[EventRounds "9"]
[EventCountry "SIN"]
[SourceTitle "CBM 133 Extra"]
[Source "ChessBase"]
[SourceDate "2010.01.05"]
[SourceVersion "1"]
[SourceVersionDate "2010.01.05"]
[SourceQuality "1"]

1. e4 c5 2. Nf3 d6 3. Bb5+ Nc6 4. 0-0 Bd7 5. Re1 Nf6 6. h3 Ne5 7. a4 a6 8. Bf1 Bc6 9. d3 b6 10. Nbd2 e6 11. b3 Be7 12. Nxe5 dxe5 13. Bb2 Qc7 14. Nc4 Nd7 15. Qh5 Bf6 16. f4 0-0 17. fxe5 g6 18. Qf3 Bg7 19. Qf4 Rad8 20. b4 cxb4 21. d4 f6 22. Qg4 Rde8 23. Ne3 fxe5 24. d5 Nf6 25. Qe2 exd5 26. exd5 Nxd5 27. Qc4 Qf7 28. Ng4 Bb7 29. Bxe5 h5 30. Bxg7 Qxg7 31. Nf2 Rc8 32. Qe4 Kh7 33. Bd3 Nf4 34. Qxb4 Nxd3 35. Nxd3 Rxc2 36. Nf4 Rb2 37. Qd6 Rf6 38. Qe5 Rf7 39. Qd6 Rf6 40. Qe5 Rf7 41. Qd6 Qf6 1/2-1/2

[Event "Commonwealth op"]
[Site "Singapore"]
[Date "2009.12.11"]
[Round "4"]
[White "Illingworth, Max"]
[Black "Chan, Wei Xuan Timothy"]
[Result "1/2-1/2"]
[WhiteElo "2211"]
[BlackElo "2384"]
[PlyCount "32"]
[EventDate "2009.12.10"]
[EventType "swiss"]
[EventRounds "9"]
[EventCountry "SIN"]
[SourceTitle "CBM 133 Extra"]
[Source "ChessBase"]
[SourceDate "2010.01.05"]
[SourceVersion "1"]
[SourceVersionDate "2010.01.05"]
[SourceQuality "1"]

1. d4 Nf6 2. Nf3 e6 3. e3 c5 4. c4 d5 5. cxd5 exd5 6. Bb5+ Bd7 7. Bxd7+ Nbxd7 8. dxc5 Nxc5 9. 0-0 Bd6 10. Nc3 a6 11. b3 Nce4 12. Bb2 0-0 13. Qd3 Rc8 14. Rfd1 Ba3 15. Bxa3 Rxc3 16. Qd4 Re8 1/2-1/2

[Event "Commonwealth op"]
[Site "Singapore"]
[Date "2009.12.10"]
[Round "1"]
[White "Chan, Wei Xuan Timothy"]
[Black "Stojic, Dusan"]
[Result "1-0"]
[WhiteElo "2384"]
[BlackElo "2201"]
[PlyCount "131"]
[EventDate "2009.12.10"]
[EventType "swiss"]
[EventRounds "9"]
[EventCountry "SIN"]
[SourceTitle "CBM 133 Extra"]
[Source "ChessBase"]
[SourceDate "2010.01.05"]
[SourceVersion "1"]
[SourceVersionDate "2010.01.05"]
[SourceQuality "1"]

1. e4 c5 2. Nf3 d6 3. Bb5+ Bd7 4. Bxd7+ Qxd7 5. 0-0 Nf6 6. e5 dxe5 7. Nxe5 Qc8 8. Qf3 e6 9. d3 Be7 10. Nc3 0-0 11. Bf4 Nfd7 12. Qg3 Nc6 13. Nxc6 Qxc6 14. Ne4 Kh8 15. Rfe1 f5 16. Bg5 Bxg5 17. Nxg5 e5 18. Nf3 f4 19. Qg5 Rae8 20. Nxe5 Nxe5 21. Rxe5 Rxe5 22. Qxe5 f3 23. Qe4 Qd7 24. Re1 fxg2 25. b3 h6 26. Kxg2 Qf7 27. f3 b6 28. a4 Qf6 29. Re2 Rf7 30. Qd5 Rf8 31. Re6 Qc3 32. Re2 Qf6 33. Qh5 Kh7 34. h3 Qf4 35. Qg4 Qc1 36. Qe4+ Kh8 37. Qe3 Qd1 38. h4 Qa1 39. Qe7 Rf4 40. h5 Qf6 41. Qxf6 Rxf6 42. Re7 a5 43. Re5 g6 44. hxg6 Kg7 45. Kg3 Kxg6 46. c3 Rd6 47. d4 cxd4 48. cxd4 Kf6 49. Rh5 Ke7 50. d5 b5 51. axb5 Rb6 52. Kf4 Kd7 53. Ke5 Rxb5 54. Rxh6 Rxb3 55. Rh7+ Ke8 56. f4 Re3+ 57. Kd4 Re1 58. Ra7 Rf1 59. Ke5 Re1+ 60. Kd6 Rf1 61. Rxa5 Rxf4 62. Ra8+ Kf7 63. Kd7 Rc4 64. d6 Rc5 65. Re8 Rc1 66. Re2 1-0

[Event "Ho Chi Minh City op"]
[Site "Ho Chi Minh City"]
[Date "2009.12.08"]
[Round "9"]
[White "Chan, Wei Xuan Timothy"]
[Black "Nguyen, Thi Tuong Van"]
[Result "1-0"]
[WhiteElo "2344"]
[BlackElo "2246"]
[PlyCount "77"]
[EventDate "2009.12.03"]
[EventType "swiss"]
[EventRounds "9"]
[EventCountry "VIE"]
[SourceTitle "CBM 133 Extra"]
[Source "ChessBase"]
[SourceDate "2010.01.05"]
[SourceVersion "1"]
[SourceVersionDate "2010.01.05"]
[SourceQuality "1"]

1. e4 c5 2. Nf3 d6 3. Bb5+ Bd7 4. Bxd7+ Qxd7 5. 0-0 Nf6 6. e5 dxe5 7. Nxe5 Qc8 8. Qf3 e6 9. d3 Be7 10. Nc3 0-0 11. Bf4 Nfd7 12. Qg3 Nxe5 13. Bxe5 f6 14. Bxb8 Rxb8 15. Rfe1 b5 16. a4 b4 17. Nd5 Bd8 18. Ne3 b3 19. c3 Bc7 20. Qg4 Rd8 21. Qc4 Kh8 22. Ra3 Rb6 23. g3 Qa6 24. a5 Rc6 25. Rxb3 Rxd3 26. Qxa6 Rxa6 27. Rb7 Bd8 28. Nf5 g6 29. Nh6 Rd5 30. b4 cxb4 31. cxb4 Rc6 32. Rxa7 Bc7 33. Ng4 f5 34. Nf6 Rd2 35. b5 Rcc2 36. Rf1 e5 37. b6 Kg7 38. Rxc7+ Kxf6 39. Rxc2 1-0

[Event "Ho Chi Minh City op"]
[Site "Ho Chi Minh City"]
[Date "2009.12.06"]
[Round "6"]
[White "Pham, Le Thao Nguyen"]
[Black "Chan, Wei Xuan Timothy"]
[Result "1-0"]
[WhiteElo "2314"]
[BlackElo "2344"]
[PlyCount "83"]
[EventDate "2009.12.03"]
[EventType "swiss"]
[EventRounds "9"]
[EventCountry "VIE"]
[SourceTitle "CBM 133 Extra"]
[Source "ChessBase"]
[SourceDate "2010.01.05"]
[SourceVersion "1"]
[SourceVersionDate "2010.01.05"]
[SourceQuality "1"]

1. Nf3 c5 2. c4 Nc6 3. g3 g6 4. Bg2 Bg7 5. 0-0 e5 6. Nc3 Nge7 7. a3 d6 8. d3 0-0 9. Rb1 a5 10. Ne1 Be6 11. Bg5 f6 12. Be3 Qd7 13. Nc2 a4 14. b4 axb3 15. Rxb3 Rab8 16. Qb1 h6 17. Qb2 f5 18. Rb1 e4 19. Bd2 Nd4 20. Nxd4 cxd4 21. Nd1 Nc6 22. Qc1 d5 23. Nb2 g5 24. cxd5 Bxd5 25. Nc4 Qc7 26. Rb5 Ne7 27. Bb4 Bc6 28. Na5 Rbc8 29. Nxc6 bxc6 30. Rc5 e3 31. fxe3 dxe3 32. Qxe3 f4 33. Qe6+ Rf7 34. Rc4 fxg3 35. Rf1 gxh2+ 36. Kh1 Rcf8 37. Bd6 Qc8 38. Bh3 Qe8 39. Re4 Kh8 40. Rxf7 Qxf7 41. Qxf7 Rxf7 42. Rxe7 1-0

[Event "Ho Chi Minh City op"]
[Site "Ho Chi Minh City"]
[Date "2009.12.04"]
[Round "3"]
[White "Chan, Wei Xuan Timothy"]
[Black "Nguyen, Huynh Minh Huy"]
[Result "0-1"]
[WhiteElo "2344"]
[BlackElo "2500"]
[PlyCount "52"]
[EventDate "2009.12.03"]
[EventType "swiss"]
[EventRounds "9"]
[EventCountry "VIE"]
[SourceTitle "CBM 133 Extra"]
[Source "ChessBase"]
[SourceDate "2010.01.05"]
[SourceVersion "1"]
[SourceVersionDate "2010.01.05"]
[SourceQuality "1"]

1. e4 c5 2. Nf3 d6 3. Bb5+ Bd7 4. Bxd7+ Qxd7 5. 0-0 Nf6 6. e5 dxe5 7. Nxe5 Qc8 8. Qf3 e6 9. d3 Be7 10. Nc3 0-0 11. Bf4 Nfd7 12. Qg3 Nc6 13. Nxc6 Qxc6 14. Ne4 f5 15. Nd2 Rf6 16. Rfe1 g5 17. h4 Rg6 18. hxg5 h6 19. Nf3 hxg5 20. Be5 g4 21. Qh2 Bf6 22. Bxf6 gxf3 23. Qh8+ Kf7 24. Qxa8 Rxg2+ 25. Kh1 Nxf6 26. Rg1 Ng4 0-1

[Event "Ho Chi Minh City op"]
[Site "Ho Chi Minh City"]
[Date "2009.12.03"]
[Round "2"]
[White "Dang, Hoang Son"]
[Black "Chan, Wei Xuan Timothy"]
[Result "0-1"]
[WhiteElo "2059"]
[BlackElo "2344"]
[PlyCount "54"]
[EventDate "2009.12.03"]
[EventType "swiss"]
[EventRounds "9"]
[EventCountry "VIE"]
[SourceTitle "CBM 133 Extra"]
[Source "ChessBase"]
[SourceDate "2010.01.05"]
[SourceVersion "1"]
[SourceVersionDate "2010.01.05"]
[SourceQuality "1"]

1. e4 c5 2. Nf3 Nc6 3. d4 cxd4 4. Nxd4 Nf6 5. Nc3 d6 6. Bg5 e6 7. Qd2 a6 8. Be2 Be7 9. 0-0 h6 10. Be3 e5 11. Nb3 0-0 12. f3 a5 13. Na4 Nd7 14. Bc4 Kh7 15. Rad1 Qc7 16. Bb5 b6 17. Nc3 Nf6 18. Qf2 Rb8 19. Rd2 Na7 20. Nxa5 Nxb5 21. Nxb5 Qd7 22. Nxd6 bxa5 23. Nf5 Qb7 24. Nxe7 Qxe7 25. Bc5 Qe8 26. Bxf8 Qxf8 27. b3 Be6 0-1

[Event "Ho Chi Minh City zt 3.3"]
[Site "Ho Chi Minh City"]
[Date "2009.07.28"]
[Round "8"]
[White "Nguyen, Ngoc Truong Son"]
[Black "Chan, Wei Xuan Timothy"]
[Result "1-0"]
[WhiteElo "2592"]
[BlackElo "2344"]
[PlyCount "83"]
[EventDate "2009.07.23"]
[EventType "swiss"]
[EventRounds "9"]
[EventCountry "VIE"]
[SourceTitle "CBM 131 Extra"]
[Source "ChessBase"]
[SourceDate "2009.09.03"]
[SourceVersion "2"]
[SourceVersionDate "2009.09.16"]
[SourceQuality "1"]

1. Nf3 c5 2. c4 Nc6 3. g3 e5 4. Nc3 g6 5. Bg2 Bg7 6. 0-0 Nge7 7. a3 0-0 8. Rb1 a5 9. Ne1 d6 10. Nc2 Be6 11. Nd5 a4 12. d3 Bxd5 13. cxd5 Na5 14. b4 Nb3 15. bxc5 dxc5 16. d4 Nc8 17. Na1 Nxa1 18. Rxa1 Nd6 19. Be3 b6 20. Rb1 Ra5 21. Qc1 Nb5 22. Qb2 Nxd4 23. Qxb6 Qxb6 24. Rxb6 Nb3 25. Bf3 Rc8 26. Bg4 Rca8 27. Rb1 Bf8 28. Bd7 Nd4 29. Bc6 Rc8 30. Rb8 Rxb8 31. Rxb8 Kg7 32. Bh6+ Kxh6 33. Rxf8 Kg7 34. Rc8 Ra6 35. h4 Kf6 36. Kg2 h6 37. Rc7 Nxc6 38. dxc6 Ke6 39. g4 Rb6 40. h5 g5 41. Kf1 Rb3 42. Rxf7 1-0

[Event "Ho Chi Minh City zt 3.3"]
[Site "Ho Chi Minh City"]
[Date "2009.07.27"]
[Round "7"]
[White "Zhang, Zhong"]
[Black "Chan, Wei Xuan Timothy"]
[Result "1/2-1/2"]
[WhiteElo "2613"]
[BlackElo "2344"]
[PlyCount "124"]
[EventDate "2009.07.23"]
[EventType "swiss"]
[EventRounds "9"]
[EventCountry "VIE"]
[SourceTitle "CBM 131 Extra"]
[Source "ChessBase"]
[SourceDate "2009.09.03"]
[SourceVersion "2"]
[SourceVersionDate "2009.09.16"]
[SourceQuality "1"]

1. e4 c5 2. Nf3 Nc6 3. Nc3 d6 4. d4 cxd4 5. Nxd4 Nf6 6. Be2 Nxd4 7. Qxd4 g6 8. Bg5 Bg7 9. 0-0-0 0-0 10. e5 Qa5 11. f4 dxe5 12. Qxe5 Qxe5 13. fxe5 Ng4 14. Bxg4 Bxg4 15. Rd4 f6 16. exf6 exf6 17. Bxf6 Bxf6 18. Rxg4 Bxc3 19. bxc3 Rae8 20. Kb2 Rf2 21. Rc1 Ree2 22. Ra4 a6 23. Rb4 Rf7 24. Rg1 b5 25. a4 Rff2 26. Rc1 bxa4 27. c4 Kf7 28. c5 Ke6 29. c6 Kd6 30. Rc4 Kc7 31. Ra1 Re6 32. Raxa4 Rxc6 33. Rxc6+ Kxc6 34. Rxa6+ Kb5 35. Ra7 h5 36. g3 Rxh2 37. Rg7 h4 38. Rxg6 hxg3 39. Rxg3 Kc4 40. Rg4+ Kc5 41. Kb3 Kc6 42. Rg5 Rh3+ 43. Kb4 Kc7 44. Rg7+ Kc8 45. c4 Kb8 46. Kb5 Kc8 47. c5 Kb8 48. Rd7 Kc8 49. Rd4 Kc7 50. Rg4 Kb7 51. Ra4 Kb8 52. Ra1 Kb7 53. Rd1 Kc7 54. Rd2 Kb7 55. Rd6 Rh7 56. Ra6 Kc8 57. Kb6 Kb8 58. Ra4 Rh6+ 59. c6 Rh7 60. Rd4 Rb7+ 61. Kc5 Rb1 62. Kd6 Kc8 1/2-1/2